| 000 | 00442nam a22001697a 4500 | ||
|---|---|---|---|
| 003 | NUST - PNEC | ||
| 005 | 20170116180900.0 | ||
| 008 | 150825b xxu||||| |||| 00| 0 eng d | ||
| 020 | _a0809461587 | ||
| 020 | _a0809461595 | ||
| 040 | _cLIBRARY | ||
| 082 | _a613.71 TLB | ||
| 100 |
_95711 _aTime-Life Books |
||
| 245 |
_aGetting Firm: Shaping and toning _cTime-Life Books |
||
| 650 |
_95714 _aFitness, exercise _xGeneral |
||
| 942 |
_2ddc _cBK |
||
| 999 |
_c64916 _d64916 |
||